Exposiciones dirigidas al Senado y al Congreso por Don Luis Page, acompañadas de las ejecutorias del Tribunal Supremo de Justicia, fechas 31 de marzo de 1842, 12 de abril de 1855, 28 de marzo de 1867... sobre la supresión de los tribunales especiales de comercio. (Record no. 161238)
[ view plain ]
| 000 -LEADER | |
|---|---|
| campo de control de longitud fija | 00904nam a2200193 i 4500 |
| 001 - NÚMERO DE CONTROL | |
| campo de control | 161238 |
| 003 - IDENTIFICADOR DE NÚMERO DE CONTROL | |
| campo de control | ES-MaACL |
| 005 - FECHA Y HORA DE LA ÚLTIMA TRANSACCIÓN | |
| campo de control | 20250811074512.0 |
| 008 - DATOS DE LONGITUD FIJA--INFORMACIÓN GENERAL | |
| campo de control de longitud fija | 990614s1868 sp |||| | spa d |
| 080 ## - NÚMERO DE LA CLASIFICACIÓN DECIMAL UNIVERSAL | |
| Número de la Clasificación Decimal Universal | 347.999(460) |
| 100 1# - ENTRADA PRINCIPAL--NOMBRE DE PERSONA | |
| Nombre de persona | Page, Luis. |
| 9 (RLIN) | 130768 |
| 245 10 - MENCIÓN DEL TÍTULO | |
| Título | Exposiciones dirigidas al Senado y al Congreso por Don Luis Page, acompañadas de las ejecutorias del Tribunal Supremo de Justicia, fechas 31 de marzo de 1842, 12 de abril de 1855, 28 de marzo de 1867... sobre la supresión de los tribunales especiales de comercio. |
| 260 ## - PUBLICACIÓN, DISTRIBUCIÓN, ETC. | |
| Lugar de publicación, distribución, etc. | Madrid : |
| Nombre del editor, distribuidor, etc. | [s.n.], |
| Fecha de publicación, distribución, etc. | 1868 ( |
| Fabricante | Imp. y Estereotipia de M. Ribadeneyra) |
| 300 ## - DESCRIPCIÓN FÍSICA | |
| Extensión | 34, [2] p. ; |
| Dimensiones | 27 cm. |
| 650 #4 - PUNTO DE ACCESO ADICIONAL DE MATERIA--TÉRMINO DE MATERIA | |
| Término de materia o nombre geográfico como elemento de entrada | Tribunales de comercio- |
| Subdivisión geográfica | España. |
| 9 (RLIN) | 164320 |
| 710 1# - ENTRADA AGREGADA--NOMBRE DE ENTIDAD CORPORATIVA | |
| Nombre de entidad corporativa o nombre de jurisdicción como elemento de entrada | España. |
| Unidad subordinada | Tribunal Supremo |
| 9 (RLIN) | 4004 |
| 852 4# - LOCALIZACIÓN | |
| Ubicación | ES-MaACL |
| Número de control de estantería | T-65-F-12 |
| Nota libre | - Enc. hol., falto de cub. original |
| -- | - Enc. en un vol. facticio |
| Estatus retirado | Estado de pérdida | Estado de daño | No para préstamo | Colección | Biblioteca de origen | Biblioteca actual | Ubicación en estantería | Fecha de adquisición | Total de préstamos | Signatura topográfica completa | Código de barras | Visto por última vez | Precio de reemplazo | Tipo de ítem Koha |
|---|---|---|---|---|---|---|---|---|---|---|---|---|---|---|
| Colección de folletos | Biblioteca del Ateneo de Madrid | Biblioteca del Ateneo de Madrid | Depósito folletos | 17/01/2008 | T-65-F-12 | 1168886 | 23/02/2023 | 23/02/2023 | Folleto |
